Loading...

Decolonizing Ceylon: colonialism,Nationalism,and the politics of space in Sri Lanka

Bibliographic Details
Main Author: Perera, Nihal
Format: Printed Book
Language:English
Published: New Delhi, Oxford University Press 1999
Subjects:
LEADER 005960000a22001930004500
020 |a 019564643-6 
041 |a eng 
082 |a 337.5493 N9 
100 |a Perera, Nihal 
245 |a Decolonizing Ceylon: colonialism,Nationalism,and the politics of space in Sri Lanka 
260 |a New Delhi, Oxford University Press 
260 |c 1999 
650 |a Ceylon 
650 |a colonialism 
650 |a Nationalism 
650 |a Srilanka 
942 |c BK 
999 |c 140092  |d 140088 
952 |0 0  |1 0  |4 0  |6 337_549300000000000_N9  |7 0  |9 138875  |a SIRP  |b SIRP  |d 2017-10-05  |l 0  |o 337.5493 N9  |p SIRP04166  |r 2017-10-05  |w 2017-10-05  |y BK